Nad jaką rzeką leży... (Azja) - Statystyki

Ogólne statystyki
  • Ten quiz został rozwiązany 39 razy
  • Średni wynik to 11 z 16
Statystyki odpowiedzi
Miasto: Kraj: Rzeka: % Poprawnych
Patna Indie Ganges
89%
Wuhan Chiny Jangcy
89%
Al-Falludża Irak Eufrat
87%
Jakuck Rosja Lena
87%
Samarra Irak Tygrys
87%
Nowosybirsk Rosja Ob
82%
Zhengzhou Chiny Huang He
79%
Luang Prabang Laos Mekong
79%
Hajdarabad Pakistan Indus
76%
Ust-Kamienogorsk Kazachstan Irtysz
68%
Krasnojarsk Rosja Jenisej
66%
Chabarowsk Rosja Amur
58%
Guwahati Indie Brahmaputra
55%
Termez Uzbekistan Amu-daria
42%
Mandalaj Birma Irawadi
24%
Tobolsk Rosja Toboł
8%
Nie znaleziono quizów pasujących do podanych kryteriów
Rozkład punktacji
Procent ludzi z każdym wynikiem
Percentyl według liczby udzielonych odpowiedzi
Twoja historia wyników
Nie rozwiązałeś tego quizu